Management information systems : (Record no. 39)

MARC details
000 -LEADER
fixed length control field 00740cam a22002292 4500
001 - CONTROL NUMBER
control field 0000000154
005 - DATE AND TIME OF LATEST TRANSACTION
control field 20151021151038.0
008 - FIXED-LENGTH DATA ELEMENTS--GENERAL INFORMATION
fixed length control field 070111s xx 000 0 eng d
020 ## - INTERNATIONAL STANDARD BOOK NUMBER
International Standard Book Number 8120329062 :
Terms of availability KES 3,150
040 ## - CATALOGING SOURCE
Original cataloging agency KABU
Transcribing agency KABU
050 #0 - LIBRARY OF CONGRESS CALL NUMBER
Classification number T58.6
Item number .L38 2006
100 1# - MAIN ENTRY--PERSONAL NAME
Personal name Laudon, Kenneth C.
-- 0000154968
245 10 - TITLE STATEMENT
Title Management information systems :
Remainder of title managing the digital firm /
Statement of responsibility, etc. Kenneth C. Laudon, Janet P. Laudon.
250 ## - EDITION STATEMENT
Edition statement 9th ed.
260 ## - PUBLICATION, DISTRIBUTION, ETC. (IMPRINT)
Place of publication, distribution, etc. New Delhi :
Name of publisher, distributor, etc. Prentice Hall,
Date of publication, distribution, etc. 2006.
300 ## - PHYSICAL DESCRIPTION
Extent xxx, 641 p.
650 #0 - SUBJECT ADDED ENTRY--TOPICAL TERM
Topical term or geographic name as entry element Management information systems.
-- 0000148209
700 1# - ADDED ENTRY--PERSONAL NAME
Personal name Laudon, Janet P.
-- 0000161195
908 ## - PUT COMMAND PARAMETER (RLIN)
Put command parameter 070111
950 ## - LOCAL HOLDINGS (RLIN)
-- 1
Holdings
Withdrawn status Lost status Source of classification or shelving scheme Not for loan Home library Current library Date acquired Total Checkouts Full call number Barcode Date last seen Date last checked out Price effective from Koha item type
    Library of Congress Classification   Kabarak, Main Campus Kabarak, Main Campus 17/12/2015 1 T58.6 .L38 2006 010546 08/02/2019 16/11/2018 17/12/2015 General Collection
    Library of Congress Classification   Kabarak, Main Campus Kabarak, Main Campus 17/12/2015   T58.6 .L38 2006 002172 17/12/2015   17/12/2015 General Collection
    Library of Congress Classification   Kabarak, Main Campus Kabarak, Main Campus 17/12/2015   T58.6 .L38 2006 33953 17/12/2015   17/12/2015 General Collection
    Library of Congress Classification   Kabarak, Nakuru City Campus Kabarak, Nakuru City Campus 21/10/2015 1 T58.6 .L38 2006 005681 06/06/2019 04/06/2019 21/10/2015 General Collection
Designed with assistance from East African Informatics Ltd